| 000 | 00657nam a22002177a 4500 | ||
|---|---|---|---|
| 003 | DO-SdBNP | ||
| 005 | 20170714084435.0 | ||
| 008 | 170714b1990 sp | 00| 0 spa d | ||
| 020 | _a8434832119 | ||
| 040 |
_aBPMSU _bspa _cBPMSU |
||
| 082 |
_a863.6 _bC392l |
||
| 100 |
_aCela, Jaume, _d1949- |
||
| 245 |
_aEl ladrón de sombras / _cJaume Cela ; traducción del catalán Rosa Huguet ; ilustraciones de Lluisot. |
||
| 260 |
_aMadrid : _bEdiciones S.M., _c1990 |
||
| 300 |
_a121 p. : _bil. ; _c18 cm |
||
| 490 | _aCatamarán | ||
| 650 | _aNOVELA INFANTIL ESPAÑOLA | ||
| 830 | _aCatamarán | ||
| 942 |
_2ddc _cBK |
||
| 956 |
_aVMATEO _b10 _c20170714 _dBPMSU _f0069 |
||
| 999 |
_c12585 _d12585 |
||